书目信息 |
| 题名: |
运筹学 (第三版) 同步辅导及习题全解
|
|
| 作者: | 边文思 , 焦艳芳 主编 | |
| 分册: | ||
| 出版信息: | 北京 中国水利水电出版社 2009.08 |
|
| 页数: | 267页 | |
| 开本: | 23cm | |
| 丛书名: | 九章丛书 | |
| 单 册: | ||
| 中图分类: | O22 | |
| 科图分类: | ||
| 主题词: | 运筹学--Yun Chou Xue--高等学校--教学参考资料 | |
| 电子资源: | ||
| ISBN: | 978-7-5084-6723-8 | |
| 000 | 01226nam 2200289 4500 | |
| 001 | CAL 012009151551 | |
| 005 | 20111228091032.71 | |
| 010 | @a978-7-5084-6723-8@dCNY20.80 | |
| 100 | @a20091102d2009 em y0chiy50 ea | |
| 101 | 0 | @achi |
| 102 | @aCN@b110000 | |
| 105 | @aak z 000yy | |
| 200 | 1 | @a运筹学 (第三版) 同步辅导及习题全解@Ayun chou xue(di san ban)tong bu fu dao ji xi ti quan jie@f主编边文思, 焦艳芳 |
| 210 | @a北京@c中国水利水电出版社@d2009.08 | |
| 215 | @a267页@c图@d23cm | |
| 225 | 2 | @a九章丛书@Ajiu zhang cong shu |
| 225 | 2 | @a高校经典教材同步辅导丛书@AGao Xiao Jing Dian Jiao Cai Tong Bu Fu Dao Cong Shu@i经济类 |
| 330 | @a本书是与清华大学出版社的《运筹学》(第三版)配套的学习辅导用书。全书共分为17章,每章由内容提要与课后习题全解两部分组成,旨在帮助读者掌握知识要点,学会分析问题和解决问题的方法与技七,并提高学习能力及应试能力。 | |
| 333 | @a高等院校埃学课程师生,研究生入学考试考生 | |
| 410 | 0 | @12001 @a高校经典教材同步辅导丛书@i经济类 |
| 410 | 0 | @12001 @a九章丛书 |
| 606 | 0 | @a运筹学@AYun Chou Xue@x高等学校@j教学参考资料 |
| 690 | @aO22@v4 | |
| 701 | 0 | @a边文思@ABian Wen Si@4主编 |
| 701 | 0 | @a焦艳芳@AJiao Yan Fang@4主编 |
| 801 | 0 | @aCN@bZZRC@c20111228 |
| 905 | @aZUCC@dO22@eB7871@f2 | |
| 运筹学 (第三版) 同步辅导及习题全解/主编边文思, 焦艳芳.-北京:中国水利水电出版社,2009.08 |
| 267页:图;23cm.-(九章丛书).-(高校经典教材同步辅导丛书.经济类) |
| 使用对象:高等院校埃学课程师生,研究生入学考试考生 |
| ISBN 978-7-5084-6723-8:CNY20.80 |
| 本书是与清华大学出版社的《运筹学》(第三版)配套的学习辅导用书。全书共分为17章,每章由内容提要与课后习题全解两部分组成,旨在帮助读者掌握知识要点,学会分析问题和解决问题的方法与技七,并提高学习能力及应试能力。 |
| ● |
| 相关链接 |
|
|
|
正题名:运筹学 (第三版) 同步辅导及习题全解
索取号:O22/B7871
 
预约/预借
| 序号 | 登录号 | 条形码 | 馆藏地/架位号 | 状态 | 备注 |
| 1 | 1182293 | 211822937 | 自科库401/401自科库 78排1列4层/ [索取号:O22/B7871] | 在馆 | |
| 2 | 1182294 | 211822946 | 自科库401/401自科库 78排1列4层/ [索取号:O22/B7871] | 在馆 |